Vybrané procesy z technologie vody

Enregistré dans:
Détails bibliographiques
Auteurs principaux: Tuček, Ferdinand, Chudoba, J. (Auteur), Koníček, Z. (Auteur)
Format: Livre
Langue:tchèque
Publié: Praha SNTL 1975
Édition:3. nezm. vyd.
Sujets:
Accès en ligne:Voir à l'OPAC
Tags: Ajouter un tag
Pas de tags, Soyez le premier à ajouter un tag!

MARC

LEADER 00000nam a2200000 a 4500
005 20260127134018.0
008 120604 000 0 cze d
035 |a vtls010427304 
039 9 |y 201206040807  |z mschk03 
040 |a STUSCHK1  |b slo  |c STUSCHK1  |e AACR2 
080 |a 628.1/.3.001.2(075..8) 
100 1 |a Tuček, Ferdinand  |9 593 
245 1 |a Vybrané procesy z technologie vody  |c Ferdinand Tuček, J. Chudoba, Z. Koníček 
250 |a 3. nezm. vyd. 
260 |a Praha  |b SNTL  |c 1975 
300 |a 485 s.  |b il.  |c 29 cm 
650 0 |a voda  |x technologie  |y procesy a vvýpočty  |z učebnica vysokoškolská 
650 0 |a vody odpadní  |x samočištení  |z učebnica vysokoškolská 
700 1 |a Chudoba, J.  |4 aut 
700 1 |a Koníček, Z.  |4 aut 
910 |a SCHK95 
999 |c 2082  |d 2082